00561cam a22001572 4500001001100000005001700011008004100028040001500069050001600084100004300100245012300143300001900266502005800285650002800343650003200371000000492520151217161556.0070604s xx 000 0 eng d aKABUcKABU 0aRS164b.K431 aKebenei, Jepkemboi Sellah.@000016007910aIsolation and characterization of mosquito larvicidal compounds from clerodendrum myricoides and vernonia namygdalene. axi, 53 leaves. aThesis (Master of Philosophy) - Moi University, 2003. 0aPlant drug.@0000160080 0aMedicinal drug.@0000160081